[Event "Titled Tuesday intern op 26th May"]
[Site "Chess.com INT"]
[Date "2020.05.26"]
[Round "2"]
[White "Bernotas, Arturs"]
[Black "Nagy, Gabor"]
[Result "0-1"]
[WhiteElo "2366"]
[BlackElo "2502"]
[PlyCount "74"]
[EventDate "2020.05.26"]
[EventType "swiss (blitz)"]
[EventRounds "10"]
[EventCountry "USA"]
[SourceTitle "CBM 196 Extra"]
[Source "ChessBase"]
[SourceDate "2020.07.31"]
[SourceVersion "1"]
[SourceVersionDate "2020.07.31"]
[SourceQuality "1"]

1. e4 c5 2. Nf3 Nc6 3. Bb5 Na5 4. c3 a6 5. Ba4 Nf6 6. e5 Nd5 7. d4 b5 8. dxc5 bxa4 9. Qxd5 Bb7 10. Qd4 e6 11. Be3 Rc8 12. Qxa4 Bxf3 13. gxf3 Bxc5 14. Nd2 0-0 15. Rg1 Bxe3 16. fxe3 Qb6 17. Ke2 Nc6 18. Nc4 Qb8 19. f4 Ne7 20. Rab1 Nd5 21. Nd6 Rxc3 22. Rg3 Rc5 23. Ne4 Rc6 24. Qd1 Rfc8 25. Kf3 Qa7 26. Qg1 g6 27. h4 Rc2 28. h5 Ne7 29. hxg6 fxg6 30. Nf6+ Kg7 31. Qh1 h6 32. Rh3 Qb7+ 33. e4 Qb5 34. Kg4 h5+ 35. Kg5 Rf8 36. Rxh5 gxh5 37. Qxh5 Rxf6 0-1

[Event "Titled Tuesday intern op 14th April"]
[Site "Chess.com INT"]
[Date "2020.04.14"]
[Round "1"]
[White "Bernotas, Arturs"]
[Black "Pesotskiy, Mikhail"]
[Result "1/2-1/2"]
[WhiteElo "2366"]
[BlackElo "2245"]
[PlyCount "142"]
[EventDate "2020.04.14"]
[EventType "swiss (blitz)"]
[EventRounds "10"]
[EventCountry "USA"]
[SourceTitle "EXT 2021"]
[Source "ChessBase"]
[SourceDate "2020.10.23"]
[SourceVersion "1"]
[SourceVersionDate "2020.10.23"]
[SourceQuality "1"]

1. e4 e6 2. d4 d5 3. Nc3 Nc6 4. Nf3 Nf6 5. exd5 exd5 6. Bd3 Be7 7. h3 0-0 8. 0-0 Nb4 9. Re1 Nxd3 10. Qxd3 c6 11. Bg5 h6 12. Bh4 Re8 13. Ne5 Ne4 14. Bxe7 Qxe7 15. f3 Nxc3 16. Qxc3 Be6 17. Re3 f6 18. Nd3 Qd6 19. Rae1 b6 20. Qb4 Qxb4 21. Nxb4 Bd7 22. Rxe8+ Rxe8 23. Rxe8+ Bxe8 24. Kf2 Kf7 25. Ke3 Ke6 26. g4 g5 27. f4 f5 28. Kf3 gxf4 29. Kxf4 fxg4 30. hxg4 a5 31. Nd3 Bg6 32. Ne5 Bxc2 33. Nxc6 Bb1 34. a3 Be4 35. Nd8+ Kf6 36. Nc6 Bd3 37. Na7 Ba6 38. Nc6 Bb7 39. Ne5 Bc8 40. Nf3 Bd7 41. Ne1 Bc8 42. Nc2 Bd7 43. Ne3 Be6 44. Nf1 Bd7 45. Nh2 Be6 46. Nf3 Bd7 47. Ne5 Be8 48. b4 axb4 49. axb4 Ba4 50. Nf3 Be8 51. Nh2 Bd7 52. Nf1 Bc8 53. Ne3 Be6 54. Ng2 Bd7 55. Nh4 Be6 56. Nf3 Bd7 57. g5+ hxg5+ 58. Nxg5 Be8 59. Nf3 Bd7 60. Ne5 Be8 61. Ng4+ Ke6 62. Kg5 Ba4 63. Ne5 Bc2 64. Kh6 Kf6 65. Nd7+ Kf5 66. Nxb6 Ke4 67. b5 Ba4 68. Nxd5 Kxd5 69. b6 Bc6 70. b7 Bxb7 71. Kh7 Kxd4 1/2-1/2

[Event "Titled Tuesday intern op 7th Januar"]
[Site "Chess.com INT"]
[Date "2020.01.07"]
[Round "8"]
[White "Bernotas, Arturs"]
[Black "Gnechko, Ruslan"]
[Result "1/2-1/2"]
[WhiteElo "2366"]
[BlackElo "2181"]
[PlyCount "93"]
[EventDate "2020.01.07"]
[EventType "swiss (blitz)"]
[EventRounds "10"]
[EventCountry "USA"]
[SourceTitle "EXT 2021"]
[Source "ChessBase"]
[SourceDate "2020.10.23"]
[SourceVersion "1"]
[SourceVersionDate "2020.10.23"]
[SourceQuality "1"]

1. e4 c5 2. Nf3 d6 3. Bb5+ Nc6 4. 0-0 g6 5. c3 Bg7 6. d4 Bd7 7. dxc5 dxc5 8. Be3 b6 9. h3 Nf6 10. Qa4 Qc7 11. Rd1 Rc8 12. e5 Ng8 13. Na3 Nh6 14. e6 Bxe6 15. Ne5 Bxe5 16. Bxh6 f6 17. Nc4 Kf7 18. Bxc6 Qxc6 19. Nxe5+ fxe5 20. Qh4 Rcd8 21. Rxd8 Rxd8 22. Bg5 h5 23. Bxe7 Rd2 24. Qf6+ Ke8 25. Bf8 Qd7 26. Kh2 Qf7 27. Qxe5 Kxf8 28. Re1 Qxf2 29. Qh8+ Ke7 30. Qg7+ Qf7 31. Qe5 Rd6 32. Re2 Qf6 33. Qe3 g5 34. Rf2 Qg6 35. Qf3 Rd5 36. Qf8+ Kd7 37. Qb8 Qe4 38. Qb7+ Kd6 39. Qb8+ Ke7 40. Qb7+ Bd7 41. Qa8 Qe5+ 42. g3 h4 43. Qf8+ Ke6 44. Qh6+ Ke7 45. Qf8+ Ke6 46. Qh6+ Ke7 47. Qf8+ 1/2-1/2

[Event "Titled Tuesday intern op 7th Januar"]
[Site "Chess.com INT"]
[Date "2020.01.07"]
[Round "3"]
[White "Bernotas, Arturs"]
[Black "Mammadova, Gulnar Marfat Qizi"]
[Result "1-0"]
[WhiteElo "2366"]
[BlackElo "2386"]
[PlyCount "55"]
[EventDate "2020.01.07"]
[EventType "swiss (blitz)"]
[EventRounds "10"]
[EventCountry "USA"]
[SourceTitle "EXT 2021"]
[Source "ChessBase"]
[SourceDate "2020.10.23"]
[SourceVersion "1"]
[SourceVersionDate "2020.10.23"]
[SourceQuality "1"]

1. e4 e6 2. c4 d5 3. exd5 exd5 4. cxd5 Nf6 5. Bb5+ c6 6. dxc6 bxc6 7. Bc4 Bc5 8. Nf3 0-0 9. 0-0 Bg4 10. Nc3 Nbd7 11. d4 Bxf3 12. Qxf3 Bxd4 13. Bb3 Ne5 14. Qg3 Ng6 15. Bg5 h6 16. Bxh6 Nd5 17. Nxd5 cxd5 18. Rad1 Be5 19. f4 Bxb2 20. Rxd5 Qb6+ 21. Kh1 gxh6 22. f5 Kh7 23. Rd6 Qc5 24. fxg6+ Kh8 25. gxf7 Bg7 26. Qg6 Rad8 27. Rxd8 Rxd8 28. Bc2 1-0

[Event "Titled Tuesday intern op 7th Januar"]
[Site "Chess.com INT"]
[Date "2020.01.07"]
[Round "2"]
[White "Mohammad, Nubairshah Shaikh"]
[Black "Bernotas, Arturs"]
[Result "1-0"]
[WhiteElo "2428"]
[BlackElo "2366"]
[PlyCount "131"]
[EventDate "2020.01.07"]
[EventType "swiss (blitz)"]
[EventRounds "10"]
[EventCountry "USA"]
[SourceTitle "EXT 2021"]
[Source "ChessBase"]
[SourceDate "2020.10.23"]
[SourceVersion "1"]
[SourceVersionDate "2020.10.23"]
[SourceQuality "1"]

1. c4 Nf6 2. Nc3 e6 3. e4 d5 4. e5 d4 5. exf6 dxc3 6. bxc3 Qxf6 7. d4 e5 8. Nf3 Nc6 9. Bg5 Qg6 10. d5 Nb8 11. h4 Bg4 12. Qb1 Bxf3 13. gxf3 Qxb1+ 14. Rxb1 b6 15. f4 Bd6 16. fxe5 Bxe5 17. Kd2 Nd7 18. Re1 0-0 19. Bh3 f5 20. Be3 Rae8 21. Rhg1 Nc5 22. f3 Bf6 23. h5 f4 24. Bd4 Kf7 25. Bf5 Rxe1 26. Rxe1 g6 27. hxg6+ hxg6 28. Be6+ Nxe6 29. Rxe6 Bxd4 30. cxd4 Re8 31. Rc6 Re7 32. a4 g5 33. c5 Rd7 34. d6 cxd6 35. cxb6 axb6 36. Rxb6 Ke6 37. Kd3 Ra7 38. Rb4 Kf5 39. Rb5+ Kf6 40. a5 Ra6 41. Ke4 Ke6 42. Rxg5 Ra8 43. Kxf4 d5 44. a6 Kf7 45. Rxd5 Rxa6 46. Re5 Kf6 47. Ke4 Ra1 48. Rf5+ Ke6 49. d5+ Kd6 50. Rf6+ Ke7 51. Re6+ Kd7 52. Rh6 Re1+ 53. Kf5 Rd1 54. d6 Rd5+ 55. Ke4 Rd1 56. f4 Rd2 57. Ke5 Re2+ 58. Kf5 Rf2 59. Rf6 Rg2 60. Rg6 Rf2 61. Kg5 Rg2+ 62. Kf6 Rf2 63. f5 Kxd6 64. Kg7+ Ke7 65. f6+ Ke6 66. Rg1 1-0

[Event "Titled Tuesday intern op 7th Januar"]
[Site "Chess.com INT"]
[Date "2020.01.07"]
[Round "7"]
[White "Triapishko, Alexandr"]
[Black "Bernotas, Arturs"]
[Result "1-0"]
[WhiteElo "2510"]
[BlackElo "2366"]
[PlyCount "99"]
[EventDate "2020.01.07"]
[EventType "swiss (blitz)"]
[EventRounds "10"]
[EventCountry "USA"]
[SourceTitle "EXT 2021"]
[Source "ChessBase"]
[SourceDate "2020.10.23"]
[SourceVersion "1"]
[SourceVersionDate "2020.10.23"]
[SourceQuality "1"]

1. Nf3 Nf6 2. g3 e6 3. Bg2 d5 4. 0-0 Be7 5. b3 0-0 6. Bb2 c5 7. c4 Nc6 8. cxd5 Nxd5 9. d4 cxd4 10. Nxd4 Bf6 11. Nxc6 bxc6 12. Qc2 Ba6 13. Bxf6 Qxf6 14. Nd2 Qc3 15. Rfc1 Qxc2 16. Rxc2 Bxe2 17. Rxc6 a5 18. Re1 Nb4 19. Rxe2 Nxc6 20. Bxc6 Rac8 21. Bf3 Rc2 22. Nc4 Rc1+ 23. Kg2 a4 24. Rb2 axb3 25. axb3 Rb8 26. Ne5 f6 27. Nc6 Rb6 28. Nd4 Kf7 29. Ra2 Rc7 30. Be2 Rd7 31. Ra4 Kg6 32. Nb5 Rdb7 33. Ra5 Rd7 34. Bc4 Rd2 35. Nc3 f5 36. Re5 Kf6 37. Re3 g5 38. h3 h5 39. g4 hxg4 40. hxg4 Rbd6 41. Nb5 Rb6 42. Nc7 fxg4 43. Bxe6 Rbd6 44. Ne8+ Kg6 45. Nxd6 Rxd6 46. Bxg4 Kf6 47. Be2 Kf5 48. Bc4 Kf4 49. Rg3 g4 50. Be2 1-0

[Event "LAT-ch"]
[Site "Riga"]
[Date "2019.05.05"]
[Round "9"]
[White "Smorodinskis, Igors"]
[Black "Bernotas, Arturs"]
[Result "1/2-1/2"]
[WhiteElo "2209"]
[BlackElo "2387"]
[PlyCount "35"]
[EventDate "2019.04.29"]
[EventType "swiss"]
[EventRounds "9"]
[EventCountry "LAT"]
[SourceTitle "CBM 190 Extra"]
[Source "ChessBase"]
[SourceDate "2019.07.15"]
[SourceVersion "1"]
[SourceVersionDate "2019.07.15"]
[SourceQuality "1"]

1. Nf3 Nf6 2. c4 e6 3. g3 d5 4. Bg2 Be7 5. 0-0 0-0 6. d4 dxc4 7. Qc2 a6 8. a4 Bd7 9. Qxc4 Bc6 10. Nc3 a5 11. Re1 Na6 12. e4 Nb4 13. Qe2 b6 14. Bf4 Bb7 15. Qd2 Rc8 16. Rad1 Re8 17. Ne5 Nd7 18. Nc4 1/2-1/2

[Event "LAT-ch"]
[Site "Riga"]
[Date "2019.05.04"]
[Round "7"]
[White "Bernotas, Arturs"]
[Black "Bolsakovs, Vadims"]
[Result "1-0"]
[WhiteElo "2387"]
[BlackElo "2199"]
[PlyCount "105"]
[EventDate "2019.04.29"]
[EventType "swiss"]
[EventRounds "9"]
[EventCountry "LAT"]
[SourceTitle "CBM 190 Extra"]
[Source "ChessBase"]
[SourceDate "2019.07.15"]
[SourceVersion "1"]
[SourceVersionDate "2019.07.15"]
[SourceQuality "1"]

1. e4 c6 2. d4 d5 3. Nc3 dxe4 4. Nxe4 Nd7 5. Nf3 Ngf6 6. Nxf6+ Nxf6 7. Ne5 Be6 8. Be2 g6 9. 0-0 Bg7 10. c4 0-0 11. Be3 Ne4 12. f4 Nd6 13. b3 Qa5 14. Qe1 Qxe1 15. Rfxe1 a5 16. a4 Nf5 17. Bf2 Rfd8 18. Rad1 h5 19. Bf3 Bxe5 20. dxe5 Ng7 21. Bb6 Rxd1 22. Rxd1 Bf5 23. Rd2 Kf8 24. Kf2 Ke8 25. h3 h4 26. Ke2 Be6 27. Kd3 Nf5 28. Kc3 Bd7 29. b4 axb4+ 30. Kxb4 Ng7 31. a5 Nf5 32. Bf2 Be6 33. Bb6 Bd7 34. Rb2 Ng7 35. Ra2 Nf5 36. Bf2 Ra6 37. Ra3 Be6 38. Be4 Bd7 39. Bxf5 Bxf5 40. Bxh4 Be4 41. g4 b6 42. axb6 Rxb6+ 43. Kc5 Rb7 44. Re3 Bg2 45. f5 Rb1 46. e6 gxf5 47. gxf5 Rf1 48. Rg3 Rxf5+ 49. Kb6 fxe6 50. Rxg2 Rf4 51. Rg4 Rf3 52. Bg3 Kd7 53. h4 1-0

[Event "LAT-ch"]
[Site "Riga"]
[Date "2019.05.04"]
[Round "8"]
[White "Bernotas, Arturs"]
[Black "Starostits, Ilmars"]
[Result "1/2-1/2"]
[WhiteElo "2387"]
[BlackElo "2457"]
[PlyCount "33"]
[EventDate "2019.04.29"]
[EventType "swiss"]
[EventRounds "9"]
[EventCountry "LAT"]
[SourceTitle "CBM 190 Extra"]
[Source "ChessBase"]
[SourceDate "2019.07.15"]
[SourceVersion "1"]
[SourceVersionDate "2019.07.15"]
[SourceQuality "1"]

1. e4 c6 2. d4 d5 3. Nc3 dxe4 4. Nxe4 Bf5 5. Ng3 Bg6 6. h4 h6 7. Nf3 Nd7 8. h5 Bh7 9. Bd3 Bxd3 10. Qxd3 e6 11. Bd2 Bd6 12. Ne4 Bc7 13. 0-0-0 Ngf6 14. Kb1 Nxe4 15. Qxe4 Nf6 16. Qe2 Qd5 17. c4 1/2-1/2

[Event "LAT-ch"]
[Site "Riga"]
[Date "2019.05.01"]
[Round "3"]
[White "Bernotas, Arturs"]
[Black "Krustkalns, Kristaps"]
[Result "1-0"]
[WhiteElo "2387"]
[BlackElo "2175"]
[PlyCount "49"]
[EventDate "2019.04.29"]
[EventType "swiss"]
[EventRounds "9"]
[EventCountry "LAT"]
[SourceTitle "CBM 190 Extra"]
[Source "ChessBase"]
[SourceDate "2019.07.15"]
[SourceVersion "1"]
[SourceVersionDate "2019.07.15"]
[SourceQuality "1"]

1. e4 e5 2. Nf3 Nc6 3. d4 exd4 4. Nxd4 Bc5 5. Nb3 Bb6 6. Nc3 Nf6 7. Qe2 0-0 8. Be3 Re8 9. f3 d6 10. 0-0-0 Be6 11. Kb1 Bxe3 12. Qxe3 a6 13. g4 b5 14. h4 b4 15. Ne2 Bxb3 16. cxb3 a5 17. Ng3 Re5 18. g5 Nd7 19. f4 Rc5 20. h5 a4 21. g6 a3 22. e5 axb2 23. e6 fxe6 24. Qxe6+ Kh8 25. h6 1-0

[Event "Titled Tuesday intern op 2nd April"]
[Site "Chess.com INT"]
[Date "2019.04.02"]
[Round "1"]
[White "Bernotas, Arturs"]
[Black "Crispin Ferreras, Darvi Abraham"]
[Result "1/2-1/2"]
[WhiteElo "2387"]
[BlackElo "2190"]
[PlyCount "86"]
[EventDate "2019.04.02"]
[EventType "swiss (blitz)"]
[EventRounds "10"]
[EventCountry "USA"]
[SourceTitle "EXT 2021"]
[Source "ChessBase"]
[SourceDate "2020.10.23"]
[SourceVersion "1"]
[SourceVersionDate "2020.10.23"]
[SourceQuality "1"]

1. e4 c5 2. Nf3 e6 3. d4 cxd4 4. Nxd4 a6 5. c4 Qc7 6. a3 Nc6 7. Be3 Nf6 8. Nc3 Be7 9. Rc1 0-0 10. Be2 d6 11. 0-0 Bd7 12. f3 Rac8 13. Nd5 exd5 14. cxd5 Qa5 15. dxc6 bxc6 16. Qd2 Qxd2 17. Bxd2 c5 18. Nc2 Bb5 19. Rfe1 Nd7 20. Ne3 Ne5 21. Bc3 Bg5 22. Kf2 Bxe2 23. Kxe2 Bxe3 24. Kxe3 Rfe8 25. Red1 Nc4+ 26. Kd3 Nb6 27. Kc2 Rc6 28. Rd2 Nc4 29. Rd3 f6 30. Rcd1 Kf7 31. Kb3 Na5+ 32. Bxa5 c4+ 33. Ka4 cxd3 34. Rxd3 Rec8 35. Bc3 Ke6 36. Ka5 Rc5+ 37. Kxa6 R8c7 38. a4 R7c6+ 39. Kb7 Rc7+ 40. Kb6 R7c6+ 41. Kb7 Rc7+ 42. Kb6 R7c6+ 43. Kb7 Rc7+ 1/2-1/2

[Event "Titled Tuesday intern op 5th March"]
[Site "Chess.com INT"]
[Date "2019.03.05"]
[Round "9"]
[White "Bernotas, Arturs"]
[Black "Moskalenko, Alexander"]
[Result "1/2-1/2"]
[WhiteElo "2387"]
[BlackElo "2524"]
[PlyCount "130"]
[EventDate "2019.03.05"]
[EventType "swiss (blitz)"]
[EventRounds "10"]
[EventCountry "USA"]
[SourceTitle "EXT 2021"]
[Source "ChessBase"]
[SourceDate "2020.10.23"]
[SourceVersion "1"]
[SourceVersionDate "2020.10.23"]
[SourceQuality "1"]

1. e4 e5 2. Nf3 Nc6 3. d4 exd4 4. Nxd4 Bc5 5. Nb3 Bb6 6. Nc3 Nf6 7. Qe2 d6 8. Be3 0-0 9. 0-0-0 Be6 10. Kb1 Nd7 11. g4 a5 12. Nd4 Bxd4 13. Bxd4 Nxd4 14. Rxd4 Qh4 15. f3 Rfe8 16. Qd2 Nc5 17. Bb5 Red8 18. Be2 h6 19. Qe3 Re8 20. Nd5 Bxd5 21. Rxd5 b6 22. g5 Re5 23. Rxe5 dxe5 24. gxh6 Qxh6 25. Qxh6 gxh6 26. Bc4 Rd8 27. Kc1 Kg7 28. Rg1+ Kf6 29. Rg3 h5 30. h4 c6 31. Rg5 Ne6 32. Rf5+ Ke7 33. Rxe5 Rg8 34. Bxe6 fxe6 35. Rxh5 Rf8 36. e5 Rxf3 37. Rh7+ Kd8 38. h5 Rh3 39. h6 b5 40. b3 a4 41. Kb2 axb3 42. axb3 b4 43. Kc1 Rh2 44. Kd1 c5 45. Kc1 Rh1+ 46. Kd2 Rh3 47. Ke2 Ke8 48. Rc7 Rxh6 49. Rxc5 Rh4 50. Rc4 Rh5 51. Re4 Kd7 52. Kd3 Rh3+ 53. Re3 Rxe3+ 54. Kxe3 Kc6 55. Kd4 Kb5 56. c4+ bxc3 57. Kxc3 Kc5 58. b4+ Kd5 59. Kb3 Kxe5 60. Kc4 Kd6 61. Kb5 Kc7 62. Kc5 Kb7 63. Kd6 Kb6 64. Kxe6 Kb5 65. Kf5 Kxb4 1/2-1/2

[Event "LAT President's blitz Cup"]
[Site "Riga"]
[Date "2019.01.26"]
[Round "13"]
[White "Bernotas, Arturs"]
[Black "Laurusas, Tomas"]
[Result "0-1"]
[WhiteElo "2385"]
[BlackElo "2495"]
[PlyCount "140"]
[EventDate "2019.01.26"]
[EventType "swiss (blitz)"]
[EventRounds "13"]
[EventCountry "LAT"]
[SourceTitle "CBM 188 Extra"]
[Source "ChessBase"]
[SourceDate "2019.02.26"]
[SourceVersion "1"]
[SourceVersionDate "2019.02.26"]
[SourceQuality "1"]

1. e4 c6 2. d4 d5 3. Nc3 a6 4. h3 b5 5. a3 e6 6. Nf3 Nf6 7. Bd3 b4 8. axb4 Bxb4 9. exd5 cxd5 10. 0-0 Nc6 11. Na4 0-0 12. c3 Be7 13. b4 Ne4 14. Qc2 f5 15. Nc5 a5 16. b5 Nb8 17. Ba3 Qc7 18. Bxe4 fxe4 19. Ne5 Rf5 20. f4 exf3 21. Nxf3 Bd6 22. Rab1 Qe7 23. b6 Ba6 24. Rfe1 Bxc5 25. Bxc5 Qd7 26. Ne5 Qc8 27. Qa4 Bb7 28. Bd6 Nc6 29. Rf1 Nxe5 30. Bxe5 Bc6 31. Qa3 Qd7 32. Rxf5 exf5 33. Qc5 a4 34. Ra1 Re8 35. Qb4 h6 36. Qc5 Kh7 37. Ra3 f4 38. Ra2 f3 39. Qa3 Re6 40. Qc1 Rg6 41. Kh2 Qf5 42. Qe3 fxg2 43. Rxg2 Rxg2+ 44. Kxg2 Qe4+ 45. Qxe4+ dxe4 46. Bd6 Kg6 47. Kf2 Kf5 48. Ke3 Ke6 49. Bf8 Kd5 50. Kd2 Kc4 51. Be7 g5 52. Kc2 Bb7 53. Bd6 h5 54. Bg3 g4 55. hxg4 hxg4 56. Bf2 a3 57. Kb1 Kxc3 58. Ka2 Kd3 59. Kxa3 Ke2 60. Bh4 Kd3 61. Kb4 Kxd4 62. Kb3 Kd3 63. Kb4 e3 64. Kc5 e2 65. Kd6 Ke3 66. Kc7 Be4 67. Kd6 Kf3 68. Ke5 Bb7 69. Kd4 g3 70. Kd3 e1Q 0-1

[Event "LAT President's blitz Cup"]
[Site "Riga"]
[Date "2019.01.26"]
[Round "10"]
[White "Bernotas, Arturs"]
[Black "Neiksans, Arturs"]
[Result "0-1"]
[WhiteElo "2385"]
[BlackElo "2552"]
[PlyCount "93"]
[EventDate "2019.01.26"]
[EventType "swiss (blitz)"]
[EventRounds "13"]
[EventCountry "LAT"]
[SourceTitle "CBM 188 Extra"]
[Source "ChessBase"]
[SourceDate "2019.02.26"]
[SourceVersion "1"]
[SourceVersionDate "2019.02.26"]
[SourceQuality "1"]

1. e4 c5 2. Nf3 Nc6 3. Bb5 e6 4. 0-0 Nge7 5. d4 cxd4 6. Nxd4 Qb6 7. Nxc6 bxc6 8. Bd3 Ng6 9. c4 Bc5 10. Nc3 Qc7 11. Kh1 e5 12. Qe2 d6 13. Rb1 0-0 14. b4 Bd4 15. Qc2 Nf4 16. Ne2 Nxe2 17. Qxe2 Be6 18. Be3 c5 19. b5 a6 20. a4 axb5 21. axb5 Ra3 22. Bxd4 cxd4 23. Ra1 Rc3 24. Rfc1 Rxc1+ 25. Rxc1 Ra8 26. Qb2 Qa5 27. b6 g6 28. h3 Rb8 29. Rb1 Qc5 30. Qb3 Bd7 31. Kg1 Bc6 32. Qb2 Kg7 33. h4 h6 34. g3 Bb7 35. Qa2 Ra8 36. Qb2 Ra3 37. Bf1 h5 38. Qc1 Ra8 39. Bd3 Ra6 40. Qb2 Ra3 41. Bf1 Qa5 42. Qc1 Ra2 43. Qg5 Rxf2 44. Kxf2 Qa2+ 45. Kg1 Qxb1 46. Qd8 Qxe4 47. Qxd6 0-1

[Event "Titled Tuesday intern op 6th Nov"]
[Site "Chess.com INT"]
[Date "2018.11.06"]
[Round "1"]
[White "Amorim, Daniel Madson De Me"]
[Black "Bernotas, Arturs"]
[Result "0-1"]
[WhiteElo "2158"]
[BlackElo "2408"]
[PlyCount "114"]
[EventDate "2018.11.06"]
[EventType "swiss (blitz)"]
[EventRounds "10"]
[EventCountry "USA"]
[SourceTitle "EXT 2021"]
[Source "ChessBase"]
[SourceDate "2020.10.23"]
[SourceVersion "1"]
[SourceVersionDate "2020.10.23"]
[SourceQuality "1"]

1. d4 Nf6 2. c4 e6 3. Nf3 b6 4. Nc3 Bb4 5. Qc2 Bb7 6. a3 Bxc3+ 7. Qxc3 0-0 8. Bg5 d6 9. Nd2 Nc6 10. f3 h6 11. Bh4 Re8 12. e4 e5 13. d5 Nd4 14. Bf2 Nh5 15. Bxd4 exd4 16. Qxd4 Qh4+ 17. g3 Qf6 18. Qxf6 Nxf6 19. Be2 a5 20. b3 Nd7 21. Kf2 Re7 22. b4 Ne5 23. f4 Ng6 24. Bd3 Ra7 25. h4 Nf8 26. h5 Nd7 27. Rhg1 Re8 28. Nb3 Nf6 29. b5 Nxe4+ 30. Bxe4 Rxe4 31. Nd2 Re8 32. Rae1 Raa8 33. Rxe8+ Rxe8 34. Re1 Rxe1 35. Kxe1 Bc8 36. Nf3 Bg4 37. Nh2 Bxh5 38. g4 Bg6 39. f5 Bh7 40. Kf2 g6 41. fxg6 Bxg6 42. Ke3 Kg7 43. Nf3 Kf6 44. Kd4 Bb1 45. Ke3 Bc2 46. Kd2 Bb3 47. Kc3 Bd1 48. Nd2 Bxg4 49. Kd4 Kg5 50. Ke3 f5 51. Nb3 h5 52. Nd4 f4+ 53. Kf2 h4 54. a4 h3 55. Kg1 Kh4 56. Ne6 Kg3 57. Nxc7 h2+ 0-1

[Event "Titled Tuesday intern op 6th Nov"]
[Site "Chess.com INT"]
[Date "2018.11.06"]
[Round "9"]
[White "Bernotas, Arturs"]
[Black "Costachi, Mihnea"]
[Result "0-1"]
[WhiteElo "2408"]
[BlackElo "2471"]
[PlyCount "84"]
[EventDate "2018.11.06"]
[EventType "swiss (blitz)"]
[EventRounds "10"]
[EventCountry "USA"]
[SourceTitle "EXT 2021"]
[Source "ChessBase"]
[SourceDate "2020.10.23"]
[SourceVersion "1"]
[SourceVersionDate "2020.10.23"]
[SourceQuality "1"]

1. e4 e5 2. Nf3 Nc6 3. d4 exd4 4. Nxd4 Nf6 5. Nxc6 bxc6 6. Qe2 a5 7. e5 Nd5 8. c4 Ba6 9. Nd2 Nb6 10. Qe4 Qe7 11. Bd3 Qe6 12. 0-0 Be7 13. f4 g6 14. f5 gxf5 15. Rxf5 0-0-0 16. Nf3 Bxc4 17. Be3 Qd5 18. Qxd5 Bxd5 19. Ba6+ Kb8 20. Bg5 Bc5+ 21. Kh1 Rde8 22. Bf6 Rhg8 23. a3 d6 24. Rc1 Nd7 25. b4 axb4 26. axb4 Be3 27. Re1 Bf2 28. Rf1 Bb6 29. exd6 cxd6 30. Bh4 Rg4 31. Bg3 Kc7 32. Rc1 Be6 33. Rh5 Rxb4 34. Rxh7 Nf6 35. Rd1 Bc5 36. Rh4 Rxh4 37. Bxh4 Ne4 38. Nd4 Bg4 39. Be2 Nc3 40. Bxg4 Nxd1 41. Nb3 Bf2 42. Bf6 Re1# 0-1